000 01684 a2200241 4500
001 34969
005 20260407155634.0
008 260407a2001 arg spa d
003 AR-UNSa-BCEJYS
040 _aAR-UNSa-BCEJYS
_bspa
_cAR-UNSa-BCEJYS
080 _a658.011.56
_xAutomatización
245 1 0 _aAdministración de sistemas de información
020 _a970-686-043-6
250 _a2a. ed.
264 1 _aMéxico :
_bThomson Learning
_c2001
300 _axxiv, 688 p.
_c27 cm.
505 _a1. Sistemas de información para los negocios: revisión general - 2. Usos estratégicos de los sistemas de información - 3. Sistemas de información en funciones empresariales - 4. Tecnología de información en los negocios: hardware - 5. Sistemas de información en los negocios: software - 6. Tecnología de información en los negocios: telecomunicaciones y redes - 7. Internet, intranets y extranets - 8. Administración de datos y conocimiento - 9. Requerimientos de información de los administradores - 10. Organización de sistemas de información y servicios - 11. Sistemas de información interorganizacionales e internacionales - 12. Sistemas de información como apoyo para la toma de decisiones administrativas y geográficas - 13. Inteligencia artificial y sistemas expertos - 14. Planificación de sistema de información - 15. Desarrollo de sistemas - 16. Alternativas para la adquisición de sistemas - 17. Controles y medidas de seguridad
041 _aspa
942 _cBK
590 _aniveau_biblio:m niveau_hierar:0
100 1 _aOz, Effy
856 4 1 _uhttps://biblioeco.unsa.edu.ar/pmb/images/libros/admSistInformacion.jpg
_yImagen de portada
_qimage/jpeg
999 _c2522
_d2522